Best NBA Player at Each Category (Current) - Statistics

General Stats
  • This quiz has been taken 24 times
  • The average score is 7 of 10
Answer Stats
Hint Answer % Correct
Shooting Stephen Curry
100%
IQ LeBron James
91%
Finishing Giannis Antetokounmpo
77%
Strength Giannis Antetokounmpo
77%
Rebounding Nikola Jokic
77%
Defense Victor Wembanyama
77%
Dunking Ability Ja Morant/Anthony Edwards
64%
Passing Luka Doncic
64%
Pull-Up Jumper Kevin Durant
59%
Handles Kyrie Irving
45%
No matching quizzes found
Score Distribution
Percent of People with Each Score
Percentile by Number Answered
Your Score History
You have not taken this quiz